Trace the Outline of Djibouti with a Map - Statistics

General Stats
  • This quiz has been taken 22 times
  • The average score is 11 of 19
Answers on the Map
Answers color-coded by a green-red scale on the quiz's map according to % correct below.
 
Answer Stats
District % Correct
Moulhoule
75%
Djibouti
67%
Obock
67%
Tadjourah
67%
Ali Sabieh
58%
Arta
58%
Dikhil
58%
Khor Angar
58%
Lake Assal
58%
Ali Adde
50%
As Eyla
50%
Balho
50%
Dadda'to
50%
Dorra
50%
Dorra
50%
Galafi
50%
Holhol
50%
Mousa Ali
50%
Yoboki
50%
No matching quizzes found
Score Distribution
Percent of People with Each Score
Percentile by Number Answered
Your Score History
You have not taken this quiz